004310000a220014500045000410008000000820021000081000020000292450070000492600062001193000011001810010005001923360027001973370033002243380028002570 aENG04aG 266.0092 T175f1 aTapper, Ruth M.10aThe full years : The life story of Helen L. Root / Ruth M. Tapper aWinona Lake, IN., USA : Young People's Missionary Society a96 Pag7504 atextobtxt2rdacontent 2rdamediaasin mediaciónbn 2rdacarrieravolumenbnc